ARRUPE JESUIT UNIVERSITY

CORONAVIRUS -STOP THE SPREAD - CLEAN,DISINFECT,COVER

Between faith and reason: (Record no. 122527)

MARC details
000 -LEADER
fixed length control field 00521nam a22001577a 4500
008 - FIXED-LENGTH DATA ELEMENTS--GENERAL INFORMATION
fixed length control field 150327b xxu||||| |||| 00| 0 eng d
020 ## - INTERNATIONAL STANDARD BOOK NUMBER
International Standard Book Number 006090593x
050 ## - LIBRARY OF CONGRESS CALL NUMBER
Classification number BF38.M63 1977
100 ## - MAIN ENTRY--PERSONAL NAME
Personal name Moreno, F.J.
9 (RLIN) 16694
245 ## - TITLE STATEMENT
Title Between faith and reason:
Remainder of title basic fear and the human condition
Statement of responsibility, etc /by Fransisco Jose Moreno
260 ## - PUBLICATION, DISTRIBUTION, ETC. (IMPRINT)
Place of publication, distribution, etc New York
Name of publisher, distributor, etc Harper Colophon books
Date of publication, distribution, etc 1977
300 ## - PHYSICAL DESCRIPTION
Extent xvi,133p. ;
Dimensions 21cm.
650 ## - SUBJECT ADDED ENTRY--TOPICAL TERM
Topical term or geographic name as entry element Psychology
General subdivision Philosophy
9 (RLIN) 2047
650 ## - SUBJECT ADDED ENTRY--TOPICAL TERM
Topical term or geographic name as entry element Social psychology
9 (RLIN) 16638
942 ## - ADDED ENTRY ELEMENTS (KOHA)
Source of classification or shelving scheme Library of Congress Classification
Item type Monograph ( Printed materials)
Holdings
Withdrawn status Lost status Source of classification or shelving scheme Damaged status Not for loan Collection code Home library Current library Shelving location Date acquired Total Checkouts Full call number Barcode Date last seen Price effective from Koha item type
    Library of Congress Classification     Main Collection ARRUPE LIBRARY ARRUPE LIBRARY Main Collection 27/03/2015   BF38.M63 1977 46500002581 13/09/2016 27/03/2015 Monograph ( Printed materials)

 

Arrupe Library. PO Box MP320 Mt Pleasant, Harare, Zimbabwe
263 242 745411|librarian@aju.ac.zw